|
|
|
|
| LEADER |
02158nem a22004452a 4500 |
| 001 |
mzk03001026438 |
| 003 |
CZ BrMZK |
| 005 |
20100729115024.0 |
| 007 |
aj|aa||| |
| 008 |
050802s1626 xx i||||||a|||r|0|||gerod |
| 034 |
1 |
|
|a a
|b 1400000
|d E0141047
|e E0195500
|f N0522428
|g N0493537
|
| 040 |
|
|
|a BOA001
|b cze
|
| 043 |
|
|
|a e-xr---
|b e-xr-sl
|a e-pl---
|2 czenas
|
| 072 |
|
7 |
|a 912:904
|x Staré mapy
|2 Konspekt
|9 7
|
| 080 |
|
|
|a (084.3)
|2 MRF
|
| 080 |
|
|
|a (437.33+438)
|2 MRF
|
| 080 |
|
|
|a 912.43:069.5
|2 MRF
|
| 100 |
1 |
|
|a Custos, David,
|d činný 16. století-17. století
|7 mzk2008479824
|4 aut
|
| 245 |
1 |
0 |
|a Abris der Landschaft Schlesien sampt den Aengrentzed Landern
|h [kartografický dokument] /
|c [David Custodis]
|
| 255 |
|
|
|a Měřítko [ca 1:1 400 000]. 5,5 cm = 10 Scala Milliarum
|c (014°10´47" v.d.--019°55´00" v.d./052°24´28" s.š.--049°35´37" s.š.)
|
| 260 |
|
|
|a [S.l. :
|b s.n.],
|c 1626
|
| 300 |
|
|
|a 1 mapa :
|b mědirytina, podlepená papírem ;
|c 25 x 29 cm na listu 26,5 x 30,5 cm
|
| 500 |
|
|
|a Dle katalogu byla mapa vydána v Belli Laurea Austriaca s udáním autora David Custodis sculpsit
|
| 500 |
|
|
|a Pod mapou nalepený štítek s rukopisným názvem: Karte Schlesiens, Herausgeber imgenannt Erschien 1626 = Mapa Slezska, vydavatel není jmenován. Vyšla 1626
|
| 500 |
|
|
|a Podlepeno papírem o velikosti 57,5 x 67 cm
|
| 500 |
|
|
|a Výzdoba: V levém dolním rohu kartuše s názvem a měřítko, v pravém horním rohu znak Slezska, v mapovém rámci geografické souřadnice
|
| 510 |
4 |
|
|a Kuchař, K. Mapová sbírka B.P. Molla,
|c s. 236
|
| 510 |
4 |
|
|a Roubík, F. Soupis map českých zemí,
|c II, č. 1885
|
| 655 |
|
7 |
|a historické mapy
|7 fd186723
|2 czenas
|
| 650 |
0 |
4 |
|a Mollova mapová sbírka
|
| 650 |
0 |
7 |
|a mapové sbírky
|z Česko
|7 ph182407
|2 czenas
|
| 610 |
2 |
7 |
|a Moravská zemská knihovna (Brno, Česko).
|b Mapová sbírka B.P. Molla
|7 mzk2005304487
|2 czenas
|
| 651 |
|
7 |
|a Slezsko
|7 ge130850
|2 czenas
|
| 856 |
4 |
1 |
|u http://mapy.mzk.cz/mzk03/001/026/438/2619267645
|y Digitalizovaný dokument
|
| 903 |
|
|
|a RP
|
| 910 |
|
|
|a BOA001
|b Moll-0001.794
|
| 978 |
|
|
|b S.n.
|a s.l.
|c 1626
|
| 985 |
|
|
|a 1601-1650
|
| 990 |
|
|
|a MP
|
| 991 |
|
|
|k mzk
|